| 000 | 00484nam a22001577a 4500 | ||
|---|---|---|---|
| 003 | PILC | ||
| 005 | 20151106090354.0 | ||
| 008 | 151106b xxu||||| |||| 00| 0 eng d | ||
| 020 | _a9789715556309 | ||
| 050 |
_aLC 71.2 _b.Ed28 2015 |
||
| 245 |
_aEducation paradigms for the 21st century / _cedited by Gina M. OrdoƱez. |
||
| 260 |
_aManila : _bDe La Salle University, _c2015. |
||
| 300 |
_a174 pages ; _c15 cm. |
||
| 650 |
_aEducational planning _x21st century. |
||
| 942 |
_2lcc _cBK _kLOC |
||
| 999 |
_c288954 _d288954 |
||